All NFL Teams Ever - Statistics

General Stats
  • This quiz has been taken 75 times
  • The average score is 57 of 74
Answer Stats
Hint Answer % Correct
1960-1962 Dallas Texans
98%
1952 Dallas Texans
98%
2002-Present Houston Texans
98%
1922-Present Chicago Bears
97%
1961-Present Minnesota Vikings
97%
1947-1950 Baltimore Colts
95%
1966-Present Baltimore Ravens
95%
1995-Present Carolina Panthers
95%
1946-1995 / 1999-Present Cleveland Browns
95%
1960-Present Dallas Cowboys
95%
1934-Present Detroit Lions
95%
1919-Present Green Bay Packers
95%
1995-Present Jacksonville Jaguars
93%
1971-Present New England Patriots
93%
1994-Present Arizona Cardinals
91%
1944 Card-Pitt
91%
1944 Card-Pitt
91%
1945-1959 Chicago Cardinals
91%
1920-1943 Chicago Cardinals
91%
1936-1942 / 1944-1945 Cleveland Rams
91%
2016-Present Los Angeles Rams
91%
1946-1994 Los Angeles Rams
91%
1943 Phil-Pitt Steagles
91%
1943 Phil-Pitt Steagles
91%
1960-1987 St. Louis Cardinals
91%
1995-2015 St. Louis Rams
91%
1960-1970 Boston Patriots
90%
1968-Present Cincinnati Bengals
90%
2017-Present Los Angeles Chargers
90%
1960 Los Angeles Chargers
90%
1966-Present Miami Dolphins
90%
1925-Present New York Giants
90%
1960-1962 New York Titans
90%
1988-1993 Phoenix Cardinals
90%
1945-Present Pittsburgh Steelers
90%
1940-1942 Pittsburgh Steelers
90%
1961-2016 San Diego Chargers
90%
1946-Present San Francisco 49ers
90%
1976-Present Seattle Seahawks
90%
1976-Present Tampa Bay Buccaneers
90%
1999-Present Tennessee Titans
90%
1937-Present Washington Redskins
90%
1933-1936 Boston Redskins
88%
1960-1996 Houston Oilers
88%
1963-Present Kansas City Chiefs
88%
1982-1994 Los Angeles Raiders
88%
1995-Present Oakland Raiders
88%
1962-1981 Oakland Raiders
88%
1944-Present Philadelphia Eagles
88%
1933-1942 Philadelphia Eagles
88%
1953-1983 Baltimore Colts
86%
1933-1934 Cincinnati Reds
86%
1984-Present Indianapolis Colts
86%
1963-Present New York Jets
86%
1997-1998 Tennessee Oilers
86%
1960-Present Buffalo Bills
84%
1966-Present Atlanta Falcons
83%
1971 Bay State Patriots
81%
1967-Present New Orleans Saints
81%
1960-Present Denver Broncos
79%
1919-1920 Decatur Staleys
40%
1921 Chicago Staleys
38%
1949 New York Bulldogs
31%
1932 Boston Braves
29%
1944 Brooklyn Tigers
29%
1933-1939 Pittsburgh Pirates
29%
1930-1943 Brooklyn Dodgers
22%
1930-1933 Portsmouth Spartans
22%
1931 Cleveland Indians
19%
1946-1948 Boston Yanks
14%
1944 Boston Yanks
14%
1950-1951 New York Yanks
14%
1945 Yanks
14%
1931-1940 St. Louis Gunners
5%
No matching quizzes found
Score Distribution
Percent of People with Each Score
Percentile by Number Answered
Your Score History
You have not taken this quiz